A course in modern mathematical physics : (Record no. 29497)

000 -LEADER
fixed length control field 00617 a2200169 4500
020 ## - INTERNATIONAL STANDARD BOOK NUMBER
International Standard Book Number 0521829607
020 ## - INTERNATIONAL STANDARD BOOK NUMBER
International Standard Book Number 9780521829601
082 04 - DEWEY DECIMAL CLASSIFICATION NUMBER
Classification number 530.15
090 ## - LOCALLY ASSIGNED LC-TYPE CALL NUMBER (OCLC); LOCAL CALL NUMBER (RLIN)
-- 874
-- 874
100 1# - MAIN ENTRY--PERSONAL NAME
Personal name Szekeres, Peter.
245 12 - TITLE STATEMENT
Title A course in modern mathematical physics :
Remainder of title groups, hilbert space and differential geometry /
Statement of responsibility, etc. Peter Szekeres.
260 ## - PUBLICATION, DISTRIBUTION, ETC.
Place of publication, distribution, etc. [S.l.] :
Name of publisher, distributor, etc. Cambridge University Press,
Date of publication, distribution, etc. 2004.
300 ## - PHYSICAL DESCRIPTION
Extent 600 p. ;
Dimensions 25 cm.
700 ## - ADDED ENTRY--PERSONAL NAME
Personal name Szekeres, Peter.
942 ## - ADDED ENTRY ELEMENTS (KOHA)
Institution code [OBSOLETE] SNS
Koha item type Book
Call number prefix 530.15 SZE
Holdings
Withdrawn status Lost status Damaged status Not for loan Permanent Location Current Location Date acquired Total Checkouts Full call number Barcode Date last seen Price effective from Koha item type
        School of Natural Sciences (SNS) School of Natural Sciences (SNS) 05/26/2016   530.15 SZE SNS0001042 05/26/2016 05/26/2016 Book
© 2023 Central Library, National University of Sciences and Technology. All Rights Reserved.